Úspešnosť podnikov na Slovensku a jej príčiny. Výsledky prieskumu

Salvato in:
Dettagli Bibliografici
Autore principale: Slávik, Štefan, 1955-
Altri autori: Juriková, Benita, 1973-
Natura: Capitolo di libro
Lingua:slovacco
Tags: Aggiungi Tag
Nessun Tag, puoi essere il primo ad aggiungerne!!

MARC

LEADER 00000naa$a2200000$$$4500
001 0127168
005 20240502083321.5
041 0 |a slo 
044 |a CZ 
245 1 0 |a Úspešnosť podnikov na Slovensku a jej príčiny. Výsledky prieskumu  |c Štefan Slávik, Benita Juriková 
100 1 |a Slávik, Štefan, 1955- 
700 1 |a Juriková, Benita, 1973-